UM Logo

UM Digos library management system / (Record no. 11465)

MARC details
000 -LEADER
fixed length control field 00597nam a22001697a 4500
008 - FIXED-LENGTH DATA ELEMENTS--GENERAL INFORMATION
fixed length control field 181205b ||||| |||| 00| 0 eng d
082 ## - DEWEY DECIMAL CLASSIFICATION NUMBER
Edition number 2017
Classification number UT 1055
Item number M66
100 ## - MAIN ENTRY--PERSONAL NAME
Personal name Mindajao, Elario Jr.
9 (RLIN) 32869
245 ## - TITLE STATEMENT
Title UM Digos library management system /
Statement of responsibility, etc. Elario Mindajao Jr., Jonver Para, Ian Padillo
260 ## - PUBLICATION, DISTRIBUTION, ETC. (IMPRINT)
Place of publication, distribution, etc. Digos City:
Name of publisher, distributor, etc. UMDC
Date of publication, distribution, etc. March 2017.
300 ## - PHYSICAL DESCRIPTION
Extent 75 pages;
Other physical details 30 cm.
650 ## - SUBJECT ADDED ENTRY--TOPICAL TERM
Topical term or geographic name as entry element Technical Program
Form subdivision Information Technology
General subdivision Undergraduate thesis.
9 (RLIN) 32740
700 ## - ADDED ENTRY--PERSONAL NAME
Personal name Mindajao, Elario Jr.
9 (RLIN) 32869
700 ## - ADDED ENTRY--PERSONAL NAME
Personal name Para, Jonver
9 (RLIN) 32870
700 ## - ADDED ENTRY--PERSONAL NAME
Personal name Padillo, Ian
9 (RLIN) 32871
942 ## - ADDED ENTRY ELEMENTS (KOHA)
Source of classification or shelving scheme Dewey Decimal Classification
Koha item type Undergraduate Thesis
Holdings
Withdrawn status Lost status Source of classification or shelving scheme Damaged status Not for loan Home library Current library Date acquired Total Checkouts Full call number Barcode Date last seen Price effective from Koha item type
    Dewey Decimal Classification     UM Digos College - LIC UM Digos College - LIC 11/28/2018   UT 1055 M66 2017 1055 05/15/2025 12/05/2018 Undergraduate Thesis